000 00567nam a22002297a 4500
003 UA-OsUOA
001 86873
007 ta
008 20120912b un ||||| |||| 00| 0 ukr d
100 _aОртенберг Д. И.
090 _a94(4)"1939/1945
_bО-70
942 _cBK
040 _aUA-OsUOA
_brus
_cUA-OsUOA
_dUA-OsUOA
245 _aЭто останется навсегда
300 _a335 с.
955 _a4
041 _arus
080 _a94(4)"1939/1945
260 _aМ.
_bПолитиздат
_c1984
650 7 _2UDC
999 _c373044
_d373044